Spektrum dúhy

Bibliographic Details
Main Author: Buociková-Šmarhanovská, Sidónia, 1947-2021 (Author)
Format: Book
Language:Slovak
PhysicalDescription:85 s. 21 cm
Published: [Považská Bystrica Sidónia Buociková-Šmarhanovská] 2000
ISBN:8096838091
Subjects:

MARC

LEADER 00000nam a2200000 a 4500
001 vtls001399198
003 SK-MaSNL
005 20260302001129.0
008 240801s2000 xo rg slo
015 |a SNBA2001/01-00083 
020 |a 8096838091 
035 |a SNK000353655 
035 |a urn:nbn:sk:snk-amklxb 
035 |a urn:nbn:sk:snk-am003bej 
035 |a 9E00305B-06D7-4546-ACD7-8BD6A734C4AF 
040 |a SNK  |b slo  |c SNK  |e AACR2 
041 0 |a slo 
044 |a xo  |c SK 
080 |a 885.4-1  |2 1981 
100 1 |a Buociková-Šmarhanovská, Sidónia,  |d 1947-2021  |4 aut  |9 251691 
245 1 0 |a Spektrum dúhy  |c Sidónia Buociková-Šmarhanovská 
260 |a [Považská Bystrica  |b Sidónia Buociková-Šmarhanovská]  |c 2000 
300 |a 85 s.  |c 21 cm 
500 |a Ilustr. na front. 
650 0 7 |a lyrické básne, slovenské  |2 SNK  |9 28980 
655 7 |a umelecká literatúra  |2 SNK  |9 60405 
852 |a Slovenská národná knižnica 
919 |a 80-968380-9-1 
954 |a beletria pôvodná (slovenská)  |2 lita 
958 |a TL 
958 |a LX 
999 |c 982602  |d 984532 
952 |t P60, <03>, [BOOK], {603}  |a SNK  |b SNK  |y PREZ  |7 0  |p 17A0258122  |o snkSC 103107  |i snkKSP 11498/2000  |0 0  |1 0  |4 0  |d 2000-11-10  |f 1  |l 0  |r 2025-09-24 00:00:00  |w 2026-02-24 
952 |t P60, <04>, [BOOK], {604}  |a SNK  |b SNK  |y VYP  |7 0  |p 17A0258123  |o snkSC 103107 D1  |i snkKSP 11499/2000  |0 0  |1 0  |4 0  |d 2000-11-10  |l 0  |r 2005-01-02 00:00:00  |w 2026-02-24